00940nam a2200289 i 4500001001000000003000900010005001700019007000300036008004100039020001500080040003000095049000900125082000700134100005100141245004100192264003600233300002800269336002700297337003300324338002800357500007300385590002600458910001500484942001400499952012000513999001700633000034029DO-SdBNP20231010095620.0ta110921s2004 es 000 0 spa d a8497645405 aDO-SdBNPbspacBNPHUerda aBNPD 42221 aQuevedo, Francisco ded,1580-164596261eautor13aEl buscón /cFrancisco de Quevedo  aMadrid :bEdimat Libros,c2004. a211 páginas ;c20 cm. 2rdacontentatextobtxt 2rdamediaasin mediaciónbn 2rdacarrieravolumenbnc aIncluye referencias bibliográficas y notas al pie de las páginas aInventariado, 2023/BT aBtavárez 2ddccLBS1 00102ddc56708GRaBNPHUbBNPHUcCTd2011-09-21l0o BNPHU p34029-10r2020-06-25w2020-06-25yLBS1ZNo se presta c33520d33520